| 000 | 00668nam a2200169Ia 4500 | ||
|---|---|---|---|
| 008 | 220216s9999 xx 000 0 und d | ||
| 100 | _aKala R G | ||
| 245 | 0 | _aChlorophyll A/B binding protein gene expression in juvenile and mature leaf explants and its relationship with in vitro culture response in Hevea brasiliensis | |
| 260 | _bIRC 2012. International Rubber Conference, 28-31 October 2012, Kovalam, India, Rubber Research Institute of India, Kottayam and IRRDB, Malaysia: Abstracts. pp.90. | ||
| 700 | _aAnju V | ||
| 700 | _aJayasree P K | ||
| 700 | _aMathew S.A | ||
| 700 | _aSobha S | ||
| 700 | _aSupriya R | ||
| 700 | _aThulaseedharan A | ||
| 942 | _cBS | ||
| 999 |
_c48865 _d48865 |
||